000
00209 a2200097 4500
001
42537
100
_a
Finn James
245
_a
Conscience and command
260
_a
New York
_b
Random
_c
090
_c
26448
_d
26448
942
_a
NUST-CAE
_c
M
_c
18278
999
_c
277610
_d
277610